000 00438nam a22001697a 4500
003 OSt
008 260511b |||||||| |||| 00| 0 eng d
082 _a633.61
_bK98E
100 _aMamta, Kumari
245 _aEffect of Irrigation Schedule and Mulching on Yield and Quality of Sugarcane
260 _aPusa, Samastipur
_bRAU
_c1997
300 _a114P.
502 _bMsc.
_d1997
650 _aAgronomy
650 _aMsc.
942 _2ddc
_cT
999 _c50535
_d50535